[Event "7. Lichtenberger Sommer"]
[Site "Berlin"]
[Date "2008.08.19"]
[Round "4.81"]
[White "Koerner, Helmut"]
[Black "Mildenberger, Hans"]
[Result "1/2-1/2"]
[WhiteElo "1981"]
[BlackElo "1565"]
[PlyCount "56"]
[EventDate "2008.??.??"]
[WhiteTeam "Sfr.Nord-Ost Berlin"]
[BlackTeam "BVG Helmholtz"]

1. b4 Nf6 2. Bb2 e6 3. a3 d5 4. e3 c5 5. b5 Be7 6. Nf3 O-O 7. c4 dxc4 8. Bxc4
b6 9. O-O Bb7 10. d3 Nbd7 11. e4 Qc7 12. Re1 Ng4 13. h3 Nge5 14. Qe2 Nxf3+ 15.
Qxf3 e5 16. Nc3 Nf6 17. g4 g6 18. Bc1 Kg7 19. Bd2 a6 20. a4 a5 21. Kg2 Rad8 22.
Rad1 Rd7 23. Rg1 Qd6 24. Bc1 Qd4 25. Ne2 Qxc4 26. Qxf6+ Bxf6 27. dxc4 Rxd1 28.
Rxd1 Bxe4+ 1/2-1/2

[Event "7. Lichtenberger Sommer"]
[Site "Berlin"]
[Date "2008.08.19"]
[Round "4.82"]
[White "Poeltelt, Helmut"]
[Black "Schlittermann, Wolfgang"]
[Result "0-1"]
[WhiteElo "1545"]
[BlackElo "1626"]
[PlyCount "80"]
[EventDate "2008.??.??"]
[WhiteTeam "SC Eintracht Berlin e.V."]
[BlackTeam "SK Gillette"]

1. e4 c5 2. Nf3 e6 3. d4 cxd4 4. Nxd4 a6 5. Be2 Nf6 6. f3 Bc5 7. Nb3 Be7 8. Be3
Qc7 9. Nc3 Bb4 10. Qd2 d5 11. a3 Bxc3 12. Qxc3 Qxc3+ 13. bxc3 dxe4 14. f4 Nd5
15. Kd2 Nc6 16. c4 Nxe3 17. Kxe3 f5 18. Rab1 O-O 19. Nc5 e5 20. Nxb7 exf4+ 21.
Kxf4 Nd4 22. Bd1 Rb8 23. c3 Ne6+ 24. Ke5 Ng5 25. c5 Rxb7 26. Bb3+ Nf7+ 27. Kf4
g5+ 28. Ke3 Rc7 29. Bd5 Rxc5 30. c4 Kg7 31. Rb6 Ra5 32. Ra1 Ne5 33. g3 Rxd5 34.
cxd5 Nc4+ 35. Kd4 Nxb6 36. d6 Rd8 37. Kc5 Nd7+ 38. Kc6 Ne5+ 39. Kc7 Nf7 40. Rd1
Rxd6 0-1

[Event "7. Lichtenberger Sommer"]
[Site "Berlin"]
[Date "2008.08.19"]
[Round "4.83"]
[White "Gloess, Henrik"]
[Black "Prix, Siegfried"]
[Result "1-0"]
[WhiteElo "1419"]
[BlackElo "1761"]
[PlyCount "143"]
[EventDate "2008.??.??"]
[WhiteTeam "Sfr.Nord-Ost Berlin"]
[BlackTeam "Sfrd. Berlin 1903 e.V."]

1. d4 d5 2. Nf3 Nf6 3. c4 c6 4. Nc3 dxc4 5. a4 Bf5 6. e3 e6 7. Bxc4 Bb4 8. O-O
O-O 9. h3 Ne4 10. Nxe4 Bxe4 11. Be2 Qd5 12. Bd2 Be7 13. Rc1 Nd7 14. b4 e5 15.
Bc3 exd4 16. Qxd4 Nf6 17. Rfd1 Rfd8 18. Bc4 Qh5 19. Qe5 Bxf3 20. Rxd8+ Bxd8 21.
gxf3 Qxf3 22. Bf1 Qd5 23. Qg3 Nh5 24. Qg4 Nf6 25. Qg3 Rc8 26. Be2 Bc7 27. f4
Qe6 28. Bd4 a5 29. b5 cxb5 30. Bxb5 Bd8 31. Rd1 Qe4 32. Bd3 Qc6 33. Bb5 Qe4 34.
Be5 Nh5 35. Qf2 Bb6 36. Bd4 Bxd4 37. Rxd4 Qg6+ 38. Kh2 Kf8 39. Bd3 Qc6 40. Rc4
Qd7 41. Rd4 Qc6 42. Be4 Qc7 43. Qd2 Nf6 44. Bf5 Re8 45. e4 g6 46. e5 Ng8 47.
Rd7 Qb6 48. Be4 Re7 49. Rd5 Qb4 50. Qxb4 axb4 51. Rb5 b3 52. Rxb3 Rc7 53. Bxb7
Rc4 54. a5 Ra4 55. a6 Ke7 56. Kg3 Nh6 57. Rd3 Nf5+ 58. Kg4 h5+ 59. Kf3 Nh4+ 60.
Ke3 Nf5+ 61. Kd2 f6 62. exf6+ Kxf6 63. Kc2 g5 64. fxg5+ Kxg5 65. Kb3 Ra5 66.
Kb4 Ra1 67. Ra3 Rb1+ 68. Rb3 Ra1 69. Kc5 h4 70. Kb6 Nd4 71. Rb2 Kf6 72. a7 1-0

[Event "7. Lichtenberger Sommer"]
[Site "Berlin"]
[Date "2008.08.19"]
[Round "4.84"]
[White "Lerch, Philipp"]
[Black "Krueger, Stefan"]
[Result "1-0"]
[WhiteElo "1819"]
[BlackElo "1548"]
[PlyCount "61"]
[EventDate "2008.??.??"]
[WhiteTeam "TuS Makkabi Berlin e.V."]
[BlackTeam "SC Friesen Lichtenberg e.V."]

1. e4 c5 2. Nf3 d6 3. d4 cxd4 4. Nxd4 Nf6 5. Nc3 g6 6. Be3 Bg7 7. f3 O-O 8. Bc4
Nc6 9. Qd2 Bd7 10. O-O-O Ne5 11. Bb3 Qa5 12. h4 h5 13. Bh6 Rfc8 14. Bxg7 Kxg7
15. Kb1 a6 16. g4 hxg4 17. h5 Nxh5 18. Rxh5 Rh8 19. Rxh8 Rxh8 20. f4 Nc6 21.
Nxc6 Bxc6 22. Qd4+ f6 23. Qc4 Rf8 24. Qe6 Qc7 25. Qxg4 f5 26. exf5 Rxf5 27. Rg1
Rf6 28. f5 Bd7 29. Nd5 Bxf5 30. Nxf6 exf6 31. Qxf5 1-0

[Event "7. Lichtenberger Sommer"]
[Site "Berlin"]
[Date "2008.08.19"]
[Round "4.85"]
[White "Paris, Gerhard"]
[Black "Dvorsky, Rudolf"]
[Result "0-1"]
[WhiteElo "1696"]
[BlackElo "1794"]
[PlyCount "68"]
[EventDate "2008.??.??"]
[WhiteTeam "TSG Oberschöneweide e.V."]
[BlackTeam "SG Narva Berlin e.V."]

1. e4 c5 2. Nf3 Nc6 3. Bb5 g6 4. c3 Bg7 5. O-O Nf6 6. Re1 O-O 7. d4 cxd4 8.
cxd4 d5 9. e5 Ne8 10. Nc3 Nc7 11. Bxc6 bxc6 12. Bf4 f6 13. Bg3 Bg4 14. Qe2 Bxf3
15. gxf3 f5 16. f4 Ne6 17. Red1 Qb6 18. Qd2 Rab8 19. b3 Bh6 20. h4 Qa5 21. Rac1
Rfc8 22. f3 Rc7 23. Rc2 Qb4 24. Ne2 Kf7 25. Qd3 Ng7 26. Rdc1 Rbc8 27. Nc3 Nh5
28. Nxd5 cxd5 29. Rxc7 Rxc7 30. e6+ Kf6 31. Rxc7 Nxg3 32. Kg2 Bxf4 33. Qd1 Bxc7
34. Kh3 Qd6 0-1

[Event "7. Lichtenberger Sommer"]
[Site "Berlin"]
[Date "2008.08.19"]
[Round "4.86"]
[White "Berg, Gerd"]
[Black "Alvarez, Luis"]
[Result "0-1"]
[WhiteElo "1717"]
[BlackElo "1824"]
[PlyCount "70"]
[EventDate "2008.??.??"]
[WhiteTeam "SK König Tegel 1949 e.V."]
[BlackTeam "Schachclub Zug um Zug Everswinke"]

1. c4 e6 2. Nc3 Nf6 3. g3 c6 4. Bg2 d5 5. cxd5 exd5 6. d4 Bd6 7. Nf3 Nbd7 8.
O-O O-O 9. h3 h6 10. Kh2 Re8 11. Qc2 Nf8 12. Nh4 Ne4 13. Nxe4 dxe4 14. f4 Qe7
15. Bh1 f5 16. e3 Qf7 17. Qe2 Be6 18. b3 a5 19. Bb2 a4 20. Rfc1 axb3 21. axb3
Bxb3 22. Rc3 Rxa1 23. Bxa1 Ra8 24. Qf1 Bd5 25. Rc2 b5 26. Bc3 b4 27. Bd2 b3 28.
Rb2 g6 29. Qd1 Qb7 30. g4 fxg4 31. hxg4 Ra2 32. Rxa2 bxa2 33. Qa1 Qb1 34. Bc3
Bb4 35. Bxb4 Qxa1 0-1

[Event "7. Lichtenberger Sommer"]
[Site "Berlin"]
[Date "2008.08.19"]
[Round "4.87"]
[White "Schoenemann, Manfred"]
[Black "Apel, Wolfgang"]
[Result "1-0"]
[WhiteElo "1807"]
[BlackElo "1786"]
[PlyCount "57"]
[EventDate "2008.??.??"]
[WhiteTeam "SV Turbine Berlin e.V."]
[BlackTeam "SV Berolina Mitte e.V."]

1. d4 Nf6 2. c4 c5 3. Nf3 cxd4 4. Nxd4 Nc6 5. Nc3 g6 6. g3 Bg7 7. Bg2 O-O 8.
Be3 Nxd4 9. Bxd4 d6 10. O-O Be6 11. b3 Qc7 12. Rc1 a6 13. Re1 Rac8 14. e4 Nd7
15. Bxg7 Kxg7 16. Nd5 Bxd5 17. exd5 Nc5 18. b4 Nd7 19. Rxe7 Qd8 20. Qd4+ Kg8
21. Rce1 Ne5 22. Rxb7 Qf6 23. Rxe5 Qxe5 24. Qxe5 dxe5 25. c5 Rb8 26. d6 Kg7 27.
Rxb8 Rxb8 28. d7 Kf6 29. c6 1-0

[Event "7. Lichtenberger Sommer"]
[Site "Berlin"]
[Date "2008.08.19"]
[Round "4.88"]
[White "Dauer, Carolin"]
[Black "Bauerfeind, Lars"]
[Result "1-0"]
[WhiteElo "1594"]
[BlackElo "1289"]
[PlyCount "127"]
[EventDate "2008.??.??"]
[WhiteTeam "Spgem Kötz/Ichenhausen"]
[BlackTeam "SV Motor Eberswalde e.V."]

1. e4 c6 2. d4 d5 3. e5 Bf5 4. Nf3 e6 5. Be3 Nd7 6. Be2 f6 7. Bf4 Qb6 8. b3 Ne7
9. O-O Ng6 10. Bg3 fxe5 11. Nxe5 Ndxe5 12. dxe5 Qc7 13. Bh5 O-O-O 14. c3 Nxe5
15. Qd4 Bd6 16. Qxa7 Qb8 17. Qd4 g6 18. Be2 Rde8 19. Nd2 Nd7 20. Bxd6 Qxd6 21.
g4 e5 22. Qa7 Be6 23. Rad1 Nf6 24. Nc4 Qc7 25. Nb6+ Kd8 26. c4 Ke7 27. cxd5
Nxd5 28. Nxd5+ cxd5 29. Rc1 Qd7 30. Qc5+ Kf6 31. Bb5 Qc8 32. Bxe8 Qxe8 33. h3
h5 34. f3 Qd7 35. Qc7 Kg5 36. Qxd7 Bxd7 37. Rc7 Bc6 38. Re1 e4 39. fxe4 dxe4
40. gxh5 Kxh5 41. Kh2 g5 42. Rg7 Rf8 43. Rg1 Rf2+ 44. Rg2 Rf5 45. h4 e3 46.
R2xg5+ Rxg5 47. Rxg5+ Kxh4 48. Re5 Kg4 49. Rxe3 Kf4 50. Re7 Be4 51. a3 Ke3 52.
Rc7 Kd4 53. Rc1 Bc6 54. Kg3 Kd5 55. Kf4 Kd6 56. Kf5 Kc7 57. Ke6 Kb6 58. Kd6 Kb5
59. Rxc6 bxc6 60. a4+ Kb6 61. b4 c5 62. bxc5+ Kb7 63. c6+ Kb8 64. a5 1-0

[Event "7. Lichtenberger Sommer"]
[Site "Berlin"]
[Date "2008.08.19"]
[Round "4.90"]
[White "Bauer, Stefan"]
[Black "Junghaenel, Dieter"]
[Result "1-0"]
[WhiteElo "1816"]
[BlackElo "1755"]
[PlyCount "104"]
[EventDate "2008.??.??"]
[WhiteTeam "SC Kreuzberg e.V."]
[BlackTeam "SV Motor Wildau e.V."]

1. Nf3 f5 2. d4 e6 3. c4 Bb4+ 4. Nc3 h6 5. g3 Nf6 6. Bd2 Bxc3 7. Bxc3 Ne4 8.
Bb4 a5 9. Bd2 Nc6 10. Be3 d5 11. c5 b5 12. Bg2 g5 13. a3 Rg8 14. Rg1 Nf6 15. h4
Nh7 16. Qc1 Qf6 17. Qd2 Rg6 18. h5 Rg7 19. Ne5 Nxe5 20. dxe5 Qf7 21. Qd3 c6 22.
Rh1 f4 23. Bd2 fxg3 24. fxg3 a4 25. g4 Ba6 26. Qd4 Qc7 27. Rh3 Ke7 28. O-O-O
Rf8 29. Rf3 Rgf7 30. Rdf1 Ke8 31. R1f2 Rxf3 32. exf3 Qg7 33. Bf1 Rf7 34. Bd3
Nf8 35. Qc3 Rd7 36. Qa5 Bb7 37. Qa7 Rd8 38. f4 Ra8 39. Qb6 Ra6 40. fxg5 Rxb6
41. gxh6 Qxg4 42. Rxf8+ Kxf8 43. cxb6 Kg8 44. h7+ Kh8 45. Bg6 Qg1+ 46. Kc2 Qxb6
47. Bg5 Qf2+ 48. Kd3 Qg3+ 49. Be3 c5 50. Kd2 d4 51. Bh6 c4 52. Bg5 Be4 1-0

[Event "7. Lichtenberger Sommer"]
[Site "Berlin"]
[Date "2008.08.19"]
[Round "4.91"]
[White "Richter, Dirk"]
[Black "Schroeder, Gert"]
[Result "1-0"]
[WhiteElo "1486"]
[BlackElo "1079"]
[PlyCount "97"]
[EventDate "2008.??.??"]
[WhiteTeam "SG Lok Brandenburg, Abt. Schach"]
[BlackTeam "SV Königsjäger Süd-West e.V."]

1. e4 g6 2. d4 Bg7 3. c3 d6 4. f4 Nf6 5. Bd3 O-O 6. Nf3 Nbd7 7. O-O c6 8. Na3
Qc7 9. f5 Ne8 10. fxg6 fxg6 11. Ng5 Ndf6 12. d5 cxd5 13. exd5 Nxd5 14. Rxf8+
Kxf8 15. Nxh7+ Kg8 16. Bxg6 Qc5+ 17. Kh1 Ndf6 18. Qf3 Bg4 19. Qxb7 Nc7 20.
Nxf6+ Bxf6 21. Bh6 Be6 22. Qf3 Bf7 23. Be4 Rb8 24. Qg3+ Kh8 25. Be3 Qh5 26. Bf3
Qh4 27. Qxh4+ Bxh4 28. b3 Bf6 29. Bxa7 Rg8 30. Re1 Nd5 31. Bxd5 Bxd5 32. Nb5
Bxg2+ 33. Kg1 Bh4 34. Bd4+ Kh7 35. Bf2 Be4+ 36. Bg3 Bd3 37. c4 e5 38. Nxd6 Bd8
39. Rxe5 Bc7 40. Re7+ Rg7 41. Rxg7+ Kxg7 42. Ne8+ Kg6 43. Nxc7 Bb1 44. a4 Bc2
45. a5 Bxb3 46. a6 Ba4 47. a7 Bc6 48. a8=Q Bxa8 49. Nxa8 1-0

[Event "7. Lichtenberger Sommer"]
[Site "Berlin"]
[Date "2008.08.19"]
[Round "4.92"]
[White "Moeller, Dirk"]
[Black "Scenev, Vitalij"]
[Result "0-1"]
[WhiteElo "1575"]
[BlackElo "1452"]
[PlyCount "70"]
[EventDate "2008.??.??"]
[WhiteTeam "SC Kreuzberg e.V."]
[BlackTeam "SV Berolina Mitte e.V."]

1. e4 c5 2. c3 Nc6 3. Bb5 Nf6 4. f3 a6 5. Bxc6 bxc6 6. Ne2 d5 7. e5 Ng8 8. d4
e6 9. O-O g6 10. Nd2 Bg7 11. Nb3 cxd4 12. cxd4 Qb6 13. Nc5 Bxe5 14. dxe5 Qxc5+
15. Nd4 Ne7 16. g4 Qb6 17. Kg2 h5 18. b3 Bd7 19. Bg5 Rc8 20. Bf6 Rg8 21. Qd2 c5
22. Ne2 d4 23. Qg5 Nd5 24. Kh1 hxg4 25. fxg4 Bc6 26. Kg1 d3 27. Ng3 c4+ 28. Rf2
Qd4 29. Rd1 c3 30. Qh4 c2 31. Rdf1 d2 32. Qh7 Nxf6 33. exf6 Rf8 34. Ne2 Qxg4+
35. Rg2 Qxg2# 0-1

[Event "7. Lichtenberger Sommer"]
[Site "Berlin"]
[Date "2008.08.19"]
[Round "4.93"]
[White "Heyne, Klaus"]
[Black "Sampels, Michael"]
[Result "0-1"]
[WhiteElo "1160"]
[BlackElo "1745"]
[PlyCount "54"]
[EventDate "2008.??.??"]
[WhiteTeam "SC Rotation Pankow e.V."]
[BlackTeam "SC EPA"]

1. c4 f5 2. Nc3 Nf6 3. Nf3 g6 4. g3 Bg7 5. Bg2 O-O 6. O-O d6 7. d4 Qe8 8. Nb5
Na6 9. Nc3 Ne4 10. Nxe4 fxe4 11. Ng5 Qc6 12. Bxe4 Qxc4 13. Bd3 Qxd4 14. Bxa6
Qxd1 15. Rxd1 bxa6 16. Rb1 h6 17. Nf3 Bf5 18. Ra1 Bg4 19. Kg2 Rab8 20. Rd2 Rb6
21. h3 Bd7 22. Kh2 Rfb8 23. Rc2 c5 24. g4 Bxb2 25. Bxb2 Rxb2 26. Ne1 Rxc2 27.
Nxc2 Rb2 0-1